Nọc độc văn hóa nô dịch

Salvato in:
Dettagli Bibliografici
Autore principale: Chính Nghĩa
Natura: Libro
Lingua:Undetermined
Pubblicazione: Tp. HCM Nxb. Tp. HCM 1984
Soggetti:
Tags: Aggiungi Tag
Nessun Tag, puoi essere il primo ad aggiungerne! !
Thư viện lưu trữ: Trung tâm Học liệu Trường Đại học Cần Thơ
LEADER 00499nam a2200169Ia 4500
001 CTU_5534
008 210402s9999 xx 000 0 und d
082 |a 303.45 
082 |b Ch312 
100 |a Chính Nghĩa 
245 0 |a Nọc độc văn hóa nô dịch 
245 0 |c Chính Nghĩa 
260 |a Tp. HCM 
260 |b Nxb. Tp. HCM 
260 |c 1984 
650 |a communism and literature,imperialism,socialism and literature 
980 |a Trung tâm Học liệu Trường Đại học Cần Thơ